LEADER 01030nam0 2200277 450 001 000030155 005 20120514111720.0 010 $a2-7116-0792-5 100 $a20120119d1982----km-y0itaa50------ba 101 0 $afre 102 $aFR 200 1 $aPédiatrie des lumières$emaladies et soins des enfants dans l'encyclopédie et le dictionnaire de Trévoux$fpar Daniel Teysseire 210 $aParis$cLibrairie philosophique J. Vrin$d1982 215 $a255 p.$d24 cm 225 2 $a<> histoire des sciences 410 0$12001$a<> histoire des sciences 700 1$aTeysseire,$bDaniel$0445671 801 0$aIT$bUniversità della Basilicata - B.I.A.$gRICA$2unimarc 912 $a000030155 996 $aPédiatrie des lumières$91529002 997 $aUNIBAS BAS $aLETTERE CAT $aSTD077$b01$c20120119$lBAS01$h1005 CAT $aTTM$b30$c20120514$lBAS01$h1117 FMT Z30 -1$lBAS01$LBAS01$mBOOK$1BASA1$APolo Storico-Umanistico$2DSLA$BCollezione DiSSLA$3DD/706$6706$5D706$820120119$f04$FPrestabile Didattica